000 00773nam a2200205Ii 4500
003 JO-AjNU
008 230605s9999||||xx |||||||||||||| ||und||
040 _aJO-AjNU
_bara
_erda
_cJO-AjNU
041 _aara
050 1 4 _aPJ7510.R2 1997
100 3 _aتأليف الرافعي، مصطفى صادق ؛ راجعه وضبطه المنشاوي، عبد الله ، مهدي البحقيري,
_eauthor
_926568
245 0 0 _aتاريخ آداب العرب، الجزء الثاني
250 _aط1
264 3 1 _aالمنصورة: مكتبة الإيمان، 1997
300 _aج2، 374ص
336 _atext
_btxt
_2rdacontent
337 _aunmediated
_bn
_2rdamedia
338 _avolume
_bnc
_2rdacarrier
650 4 _aالأدب العربي - تاريخ ونقد
_926569
999 _aA10082
_c13650
_d13650